Economía laboral contemporánea

Պահպանված է:
Մատենագիտական մանրամասներ
Հիմնական հեղինակներ: McConnell, Campbell R. (autor), Brue, Stanley L (Հեղինակ)
Ձևաչափ: Գիրք
Լեզու:անգլերեն
Հրապարակվել է: Madrid McGraw Hill 1997
Հրատարակություն:4a. ed
Խորագրեր:
Ցուցիչներ: Ավելացրեք ցուցիչ
Չկան պիտակներ, Եղեք առաջինը, ով նշում է այս գրառումը!

MARC

LEADER 00000nam a2200000 a 4500
001 UCP6080
003 CL-VaPUC
008 991008e19970000SP |||||||||||||||||eng|d
082 0 4 |a 331  |b MCC  |2 21 
100 |a McConnell, Campbell R.  |e autor  |9 434900 
700 0 |a Brue, Stanley L  |e author  |9 434901 
245 1 0 |a Economía laboral contemporánea 
250 |a 4a. ed 
300 |a 720 p 
942 |c BK 
945 |d 19991008 00:00:00  |a rbrito 
260 |a Madrid  |b McGraw Hill  |c 1997 
650 0 |a Trabajadores  |9 260887 
650 0 |a Economía laboral   |9 358958 
650 0 |a Economía   |9 255568 
650 0 |a Salario  |9 379787 
650 0 |a Trabajo  |9 313876 
650 0 |a Sindicatos  |9 255034 
650 7 |a DISCRIMINACION LABORAL  |2 CL-VaPUC  |9 410817 
650 0 |a Mujeres trabajadoras  |9 259236 
650 7 |a UTILIDADES  |2 CL-VaPUC  |9 434902 
650 0 |a Desempleo   |9 257579 
650 0 |a Inflación   |9 257218 
583 |a last modification  |c 19991008 00:00:00  |k Rodrigo Vera 
999 |c 283704  |d 283702 
952 |0 0  |1 0  |4 0  |6 331_000000000000000_MCC_1997  |7 0  |8 A  |9 327109  |a BIBENE  |b BIBENE  |d 2019-11-20  |i 3567532  |l 1  |m 5  |o 331 MCC 1997  |p 3567532  |r 2025-01-15  |s 2022-08-02  |w 2019-11-20  |y BK  |k ICO